Normal view
MARC view
- Castellano, Jason V.,
Entry Personal Name
001 - CONTROL NUMBER
- control field: 6147
003 - CONTROL NUMBER IDENTIFIER
- control field: URS
005 - DATE AND TIME OF LATEST TRANSACTION
- control field: 20250113172754.0
008 - FIXED-LENGTH DATA ELEMENTS
- fixed length control field: 250113|| aca||aabn | a|a d
040 ## - CATALOGING SOURCE
- Original cataloging agency: URS
100 ## - HEADING--PERSONAL NAME
- Personal name: Castellano, Jason V.,
- Relator term: author.